| 000 | 00930nam a22002537a 4500 | ||
|---|---|---|---|
| 999 |
_c5683 _d5683 |
||
| 003 | AR-CdUCM | ||
| 008 | 190313b ||||| |||| 00| 0 spa d | ||
| 040 |
_aMUNICIPALIDAD PROVINCIAL DEL CUSCO _cBIBLIOTECA MUNICIPAL DEL CUSCO |
||
| 041 | _hita | ||
| 082 |
_a155 / _bM62 |
||
| 100 |
_aMiotto, Antonio _916937 |
||
| 245 | _aEl psicoanálisis / | ||
| 260 |
_aMéxico, D. F : _bUTEHA, _c1962. |
||
| 300 |
_a108 páginas ; _c17 cm. |
||
| 440 |
_aManuales Uteha. _n119 _916938 |
||
| 440 |
_aPsicología sección. _n8 _916720 |
||
| 505 | _aContenido: Perfil de Freud -- La inconsciencia y la lucha de los instintos -- Sexualidad y complejos -- Los sueños y los errores tienen una significación -- El desarrollo de la personalidad ... | ||
| 650 |
_aPsicoanálisis _916757 |
||
| 650 |
_aLa neurosis _916939 |
||
| 650 |
_aSexualidad _99609 |
||
| 700 |
_aSamper, Baltasar (traducción) _96440 |
||
| 942 |
_2ddc _cLIBROS |
||
| 945 | _aachl | ||